000 00681 a2200217 4500
005 20260406143357.0
008 260406b |||||||| |||| 00| 0 eng d
020 _a978-93-5516-205-2 (hbk)
037 _cTB
040 _aAL
_cAL
041 _2eng
_aeng
084 _aD65,8(B) R5
_qAL
100 _aKhan, Mohd. Qasim
_91113139
245 _aArtificial intelligence and big data: Power and control
260 _aNew Delhi, India:
_bSumit Enterprises,
_c2025.
300 _a234p.
365 _b1495.00
_cINR
650 _aArtificial intelligence
942 _cTB
_2CC
_hD65,8(B) R5
999 _c1678483
_d1678483